| 000 | 00419nam a22001457a 4500 | ||
|---|---|---|---|
| 005 | 20230217011405.0 | ||
| 008 | 230217b |||||||| |||| 00| 0 eng d | ||
| 020 | _a978-1-4075-3091-8 | ||
| 082 | _a641.5636 F198 2008 | ||
| 245 |
_aFamily favorites vegetables: _bperfect recipes for the entire family / |
||
| 260 |
_aUK: _bParragon, _cc2008 |
||
| 300 |
_a47p.: _bcol. ill. |
||
| 541 | _e1998 | ||
| 650 | _aVegetarian cooking | ||
| 999 |
_c1226 _d1226 |
||